000 00594nam a2200229Ia 4500
003 OSt
005 20221006164028.0
006 a|||||r|||| 00| 0
007 ta
008 221006b |||||||| |||| 00| 0 hin d
024 _a3,609
037 _cTextual
040 _aFML
_cFML
_bhin
041 _2hin
_ahin
082 _aNR44, P8 -;5
100 _aKumar Ashok Au.
_9543382
245 0 _aSangeet Ratnavali
260 _aChandigarh
_bAbhishek Publishers
_c2008
300 _a812
_ccm.
942 _hNR44, P8 -;5
_cTEXL
_2CC
999 _c1116032
_d1116032